000
00258nam a22001217a 4500
082
_a
823
_b
SHA/W
100
_a
WILLIAM SHAKESPEARE
245
_a
JULIUS CAESAR
260
_a
THRISSUR
_b
H&C
300
_a
65
650
_a
ENGLISH SHORT STORY
_z
KERALA
942
_c
BK
999
_c
3607
_d
3607